Datum a čas kvízu
23
Celkem bodů
Celkový počet nahraných bodů na tomto kvízu bez doplňovacích otázek.
4.
Pořadí na kvízu
Konečné umístění týmu na tomto kvízu.
Zaznamenané odpovědi
| # | Otázka | Odpověď | Body | Výsledky |
|---|---|---|---|---|
| 1. | Motorkáři z Ruska dorazili v p... | 1 | ||
| 2. | Parlament jedné země v úterý z... | 0 | ||
| 3. | Ještě nikdy ve své historii ne... | 1 | ||
| 4. | Obchodní řetězec Penny začal p... | 1 | ||
| 5. | Fotbalisté jistého klubu vytvo... | 1 | ||
| 6. | Také se Vám někdy stane, že v... | 0 | ||
| 7. | Napište slovo s českým slovním... | 0 | ||
| 8. | V zimě často slyšíme, že silni... | 1 | ||
| 9. | Ve filmu Tajemství hradu v Kar... | 0 | ||
| 10. | Jaký je význam slova frigidní,... | 0 |